00311nam a2200121Ia 4500008004100000082001700041100001700058245004300075250000800118260003700126300000800163650001800171191201s2005 xx 000 0 und d a823.914bROH aROWLING, J K 0aHarry Potter and The Half Blood Prince a1st aN.DelhibBloomsbury Londonc2005 a607 aGeneral Books